|
|
|
|
| LEADER |
00788nam a2200193 a 4500 |
| 008 |
090823s1994 ii a 000 0 eng d |
| 040 |
|
|
|c BD-DhAAL
|d BD-DhAAL
|
| 082 |
0 |
0 |
|a 401/.41
|2 20
|
| 100 |
1 |
|
|a Joseph, K.S.
|
| 245 |
0 |
0 |
|a Self-instruction in English grammar /
|c K.S. Joseph.
|
| 260 |
|
|
|a New Delhi :
|b Anmol Publication,
|c 1994.
|
| 300 |
|
|
|a 365p. :
|b ill. ;
|c 22 cm.
|
| 541 |
1 |
|
|e 00012136
|
| 650 |
|
0 |
|a English language
|x Grammar
|
| 650 |
|
0 |
|a English language
|x Grammar|vProblems, exercises, etc.
|
| 650 |
|
0 |
|a English language
|v Textbooks for foreign speakers.
|
| 852 |
4 |
|
|a Ayesha Abed Library
|j General shelf
|
| 999 |
|
|
|c 8528
|d 8528
|
| 952 |
|
|
|0 0
|1 0
|2 ddc
|4 0
|6 401_410000000000000_JOS
|7 0
|9 10083
|a BRACUL
|b BRACUL
|c GEN
|d 2010-05-12
|g 48.00
|l 0
|o 401.41 JOS
|p 3010012136
|r 2010-05-12
|t 1
|w 2010-05-12
|y BK
|x RS-40.00
|